Zwycięzcy mistrzostw świata w siatkówce - Statystyki

Ogólne statystyki
  • Ten quiz został rozwiązany 105 razy
    82 od ostatniego zresetowania
  • Średni wynik to 6 z 7
Statystyki odpowiedzi
Rok Zwycięzca Gospodarz % Poprawnych
1974 Polska Meksyk
100%
2002 Brazylia Argentyna
97%
1990 Włochy Brazylia
96%
1949 ZSRR Czechosłowacja
93%
1986 Stany Zjednoczone Francja
87%
1970 NRD Bułgaria
75%
1956 Czechosłowacja Francja
66%
Nie znaleziono quizów pasujących do podanych kryteriów
Rozkład punktacji
Procent ludzi z każdym wynikiem
Percentyl według liczby udzielonych odpowiedzi
Twoja historia wyników
Nie rozwiązałeś tego quizu od ostatniego zresetowania